Pintura al pastel / (Registro nro. 7439)

Detalles MARC
000 -CABECERA
Longitud fija campo de control 01112nam a2200241Ia 4500
008 - • CÓDIGOS DE INFORMACIÓN DE LONGITUD FIJA
Códigos de información de longitud fija 161108s9999 xx 000 0 und d
020 ## - • NÚMERO INTERNACIONAL NORMALIZADO PARA LIBROS
Número Internacional Normalizado para Libros (ISBN) 9788434233683
082 ## - • NÚMERO DE LA CLASIFICACIÓN DECIMAL DEWEY
Número de clasificación (R) 751.49 S15p
040 ## - FUENTE DE LA CATALOGACIÓN
Centro catalogador de origen CO-BoRNBP
Lengua de catalogación spa
Normas de descripción rda
Centro transcriptor CO-BoRNBP
100 ## - • PUNTO DE ACCESO PRINCIPAL-NOMBRE DE PERSONA
Nombre de persona Sanmiguel, David
245 ## - • TITULO PROPIAMENTE DICHO
Título Pintura al pastel /
Mención de responsabilidad, etc. [textos:
Resto del título David SanMiguel ; dibujos y ejercicios:
-- Oscar Sanchís, Mercedes gaspar]
250 ## - • MENCIÓN DE EDICIÓN
Mención de edición Primera edición
264 ## - PRODUCCIÓN, PUBLICACIÓN , DISTRIBUCIÓN, FABRICACIÓN Y COPYRIGHT
Lugar de producción, publicación, distribución, fabricación Barcelona :
Nombre del productor, editor, distribuidor, fabricante Parramón
300 ## - • DESCRIPCIÓN FÍSICA
Extensión 159 páginas :
Otras características físicas fotografías en color ;
Dimensiones 29 cm
336 ## - TIPO DE CONTENIDO
Término de tipo de contenido texto
Código de tipo de contenido txt
Fuente rdacontent
337 ## - TIPO DE MEDIO
Nombre del tipo de medio sin mediación
Código del tipo de medio n
Fuente rdamedia
338 ## - TIPO DE SOPORTE
Nombre del tipo de soporte volumen
Código del tipo de soporte nc
Fuente rdacarrier
490 ## - • MENCIÓN DE SERIE
Mención de serie Aula de pintura
500 ## - • NOTA GENERAL
Nota general Incluye glosario \\ Mención de responsabilidad tomada de preliminares
505 ## - • NOTA DE CONTENIDO CON FORMATO
Nota de contenido con formato Los materiales del pastelista -- Técnicas elementales para pintar al pastel -- Técnicas de dibujo y coloreado -- El pastel y la figura humana -- Paso a paso -- Glosario
650 ## - • PUNTO DE ACCESO ADICIONAL DE MATERIA - TÉRMINO DE MATERIA
Término de materia o nombre geográfico como elemento inicial Dibujo Al Pastel / Dibujo Al Pastel - Ense{Aelig}Anza / Dibujo Al Pastel - Manuales / Pintura - Manuales
700 ## - • PUNTO DE ACCESO ADICIONAL - NOMBRE DE PERSONA
Nombre de persona Sanchís, {hooka}scar Gaspar, Mercedes

No hay ítems disponibles.










Instituto Departamental de Cultura del Meta - Red Departamental de Bibliotecas Públicas del Meta.